000
00292nam a22000977a 4500
008
180226b xxu||||| |||| 00| 0 eng d
100
_a
Tullberg, Sigurd
245
_a
Frimarkssamlaren, Rad Och Anvisningar
260
_a
Stockholm, Sweden
_b
Oskar Eklunds,
_c
1956
650
_a
General | Stamp Collecting
999
_c
2645
_d
2645